000 00447nam a2200157 i 4500
001 97428
003 ES-MaACL
005 20230906182111.0
007 t|
008 050712s1970 sp ||||1| spa d
100 1 _aMarcos Pino, Hipólito.
_976537
245 1 0 _aGestión y administración de la libreria /
_cHipólito Marcos Pino.
260 _aMadrid :
_bParaninfo,
_c1970.
300 _a166 p. ;
_c22 cm.
852 _aES-MaACL
_jC-45145
_bR.74385
999 _c97428
_d97428